भारतीय काव्यशास्त्र के नए आयाम : (Record no. 118934)

MARC details
000 -LEADER
fixed length control field 01239nam a22002657a 4500
005 - DATE AND TIME OF LATEST TRANSACTION
control field 20170124103124.0
010 ## - LIBRARY OF CONGRESS CONTROL NUMBER
LC control number B-033918
020 ## - INTERNATIONAL STANDARD BOOK NUMBER
Terms of availability 300.00
International Standard Book Number 8187368233
035 ## - SYSTEM CONTROL NUMBER
System control number B-033918
037 ## - SOURCE OF ACQUISITION
Source of stock number/acquisition Cen Lib/Ret
040 ## - CATALOGING SOURCE
Original cataloging agency DPL
Language of cataloging HN
082 ## - DEWEY DECIMAL CLASSIFICATION NUMBER
Classification number 808.1
Item number कालेम
100 ## - MAIN ENTRY--PERSONAL NAME
Personal name काले, मनोहर
9 (RLIN) 82582
245 ## - TITLE STATEMENT
Title भारतीय काव्यशास्त्र के नए आयाम :
Statement of responsibility, etc मनोहर काले
Remainder of title प्रथम भाग : रस सिद्धांत /
246 ## - VARYING FORM OF TITLE
Title proper/short title Bhartiya kavya shastra ke nae aayam : pratham bhag : raas siddahnt
Remainder of title by Manohar Kaale
260 ## - PUBLICATION, DISTRIBUTION, ETC. (IMPRINT)
Place of publication, distribution, etc नई दिल्ली
Name of publisher, distributor, etc नमन प्रकाशन
Date of publication, distribution, etc 2000
270 ## - ADDRESS
Address 4378/4B, अंसारी रोड दरिया गंज
City नई दिल्ली
Postal code 110002
300 ## - PHYSICAL DESCRIPTION
Extent vi,246पृष्ठ.
Dimensions 20सेमी(सजिल्द)
500 ## - GENERAL NOTE
General note सन्दर्भ ग्रन्थ सूची शामिल
650 ## - SUBJECT ADDED ENTRY--TOPICAL TERM
Topical term or geographic name as entry element हिंदी साहित्य
9 (RLIN) 82583
650 ## - SUBJECT ADDED ENTRY--TOPICAL TERM
Topical term or geographic name as entry element रस के अवयव
9 (RLIN) 82584
650 ## - SUBJECT ADDED ENTRY--TOPICAL TERM
Topical term or geographic name as entry element Hindi literature
9 (RLIN) 82585
650 ## - SUBJECT ADDED ENTRY--TOPICAL TERM
Topical term or geographic name as entry element Juice Components
9 (RLIN) 82586
942 ## - ADDED ENTRY ELEMENTS (KOHA)
Source of classification or shelving scheme Dewey Decimal Classification
Koha item type Hindi Books
Classification part 808.1
Call number suffix कालेम
Holdings
Withdrawn status Lost status Damaged status Not for loan Home library Current library Date acquired Source of acquisition Cost, normal purchase price Total Checkouts Full call number Barcode Date last seen Date checked out Copy number Cost, replacement price Price effective from Koha item type
        Central Library Central Library 14/09/2015 1 300.00 1 808.1 कालेम B-033918 11/09/2018 01/09/2018 1 300.00 14/09/2015 Hindi Books

© Delhi Public Library
Hit Counter
free hit counter